Rdo. Dr. D. Norberto Font y Sagué presbítero (Record no. 62064)

MARC details
000 -LEADER
campo de control de longitud fija 00737nam a2200205 i 4500
001 - NÚMERO DE CONTROL
campo de control 62064
003 - IDENTIFICADOR DE NÚMERO DE CONTROL
campo de control ES-MaACL
005 - FECHA Y HORA DE LA ÚLTIMA TRANSACCIÓN
campo de control 20251105063131.0
007 - CAMPO FIJO DE DESCRIPCIÓN FÍSICA--INFORMACIÓN GENERAL
campo de control de longitud fija t|
008 - DATOS DE LONGITUD FIJA--INFORMACIÓN GENERAL
campo de control de longitud fija 031117s1910 sp ||||1| spa d
100 1# - ENTRADA PRINCIPAL--NOMBRE DE PERSONA
Nombre de persona Faura i Sans, M.,
Fechas asociadas al nombre 1883-1941
9 (RLIN) 48954
245 10 - MENCIÓN DEL TÍTULO
Título Rdo. Dr. D. Norberto Font y Sagué presbítero
Resto del título : (noticia necrológica) /
Mención de responsabilidad, etc. Mariano Faura i Sans.
260 ## - PUBLICACIÓN, DISTRIBUCIÓN, ETC.
Lugar de publicación, distribución, etc. [S.l. :
Nombre del editor, distribuidor, etc. s.n.,
Fecha de publicación, distribución, etc. 1910]
300 ## - DESCRIPCIÓN FÍSICA
Extensión 7 h., 1 lám. ;
Dimensiones 23 cm.
500 ## - NOTA GENERAL
Nota general Es tirada aparte: del Boletin de la Real Sociedad española de Historia natural- Mayo 1910.
500 ## - NOTA GENERAL
Nota general Lam. de retr. del Sr. Font y Sagué.
600 14 - PUNTO DE ACCESO ADICIONAL DE MATERIA--NOMBRE DE PERSONA
Nombre de persona Font y Sagué, Norbert,
Fechas asociadas al nombre 1874-1910
9 (RLIN) 51575
852 ## - LOCALIZACIÓN
Ubicación ES-MaACL
Número de control de estantería T-1214-F-8
Holdings
Estatus retirado Estado de pérdida Estado de daño No para préstamo Colección Biblioteca de origen Biblioteca actual Ubicación en estantería Fecha de adquisición Fuente de adquisición Total de préstamos Signatura topográfica completa Código de barras Visto por última vez Precio de reemplazo Tipo de ítem Koha
        Colección de folletos Biblioteca del Ateneo de Madrid Biblioteca del Ateneo de Madrid Depósito folletos 17/01/2008     T-1214-F-8 1065070 23/02/2023 23/02/2023 Folleto